Word Ladder: Maine's Nickname Quiz Stats

Quiz Updated Jul 24, 2016

Challenge
Share
Tweet
Embed
Score 0/22 Timer 03:00
0 Plays Today
Hint 4-Letter Word % Correct
No longer livingDEAD
99%
5280 feetMILE
98.6%
Have an evening mealDINE
98.1%
At no costFREE
97.9%
Rodents in a dirty kitchenMICE
97.7%
A person from the UK for shortBRIT
97.5%
Type of pickleDILL
97.5%
Where paper is madeMILL
97.5%
To boast about yourselfBRAG
97.3%
The 'edge' of a hatBRIM
97.1%
Need for YahtzeeDICE
96.9%
Hint 4-Letter Word % Correct
Mathematics with sines and cosinesTRIG
96.6%
To cut something slightly backTRIM
96.4%
Worry about somethingFRET
96.2%
Common camp necklace componentBEAD
96%
Prison on a shipBRIG
95.8%
Country music's PaisleyBRAD
95.6%
Hart of the WWEBRET
94.6%
Donald Trump's 'The Art of the ___'DEAL
93.4%
A knob or readoutDIAL
91.6%
Maine is the '[First Rung] [Last Rung] State'TREE
79.8%
Maine is the '[First Rung] [Last Rung] State'PINE
77.5%

Today's Daily Dose

You're not logged in!

Compare scores with friends on all Sporcle quizzes.
Sign Up with Email
OR
Log In

You Might Also Like...

Show Comments

Extras

Top Quizzes Today


Score Distribution

Your Account Isn't Verified!

In order to create a playlist on Sporcle, you need to verify the email address you used during registration. Go to your Sporcle Settings to finish the process.

Report this User

Report this user for behavior that violates our Community Guidelines.

Details: